| 000 | 00000nam##2200000za#4500 |
| 001 | 9.698298 |
| 003 | CaOODSP |
| 005 | 20210624235850 |
| 007 | cr ||||||||||| |
| 008 | 150407|2002||||xxc|||||o f|0| 0 eng|d |
| 040 | |aCaOODSP|beng |
| 043 | |an-cn--- |
| 086 | 1 |aRH64-13/2002E-PDF |
| 110 | 1 |aCanada. |bHuman Resources Development Canada. |
| 245 | 10|aKnowledge matters : |h[electronic resource]|bskills and learning for Canadians-- Canada's innovation strategy |
| 260 | |aOttawa - Ontario : |bHuman Resources Development Canada |cc2002. |
| 300 | |a60p.|bfig., graphs, photographs |
| 500 | |aCanada’s Innovation Strategy is presented in two papers. ... "Knowledge Matters: Skills and Learning for Canadians" recognizes that people are a country's greatest resource in today’s global knowledge-based economy. ... "Achieving Excellence: Investing in People, Knowledge and Opportunity" recognizes the need to consider knowledge as a strategic national asset.--p.4 of 60. |
| 500 | |aThe catalogue number (RH64-13/2002) and ISBN (0-662-66356-X) for the bilingual print edition have been incorrectly copied in this electronic publication. |
| 590 | |a13-18-Supp|b2013-08-01 |
| 690 | 07|aInnovation|2gcpds |
| 690 | 07|aKnowledge based economy|2gcpds |
| 690 | 07|aProfessional development|2gcpds |
| 690 | 07|aStrategies|2gcpds |
| 775 | 08|tLe savoir, clé de notre avenir : |w(CaOODSP)9.642311 |
| 776 | 0#|tKnowledge matters: skills and learning for Canadians |w(CaOODSP)9.663517 |
| 776 | 0#|tLe savoir, clé de notre avenir : le perfectionnement des compétences au Canada |w(CaOODSP)9.663518 |
| 856 | 40|ahttp://publications.gc.ca|qPDF|s484 KB|uhttps://publications.gc.ca/collections/Collection/RH64-13-2002E.pdf |
| 986 | |aSP-482-02-02 |